A different woman /

Saved in:
Bibliographic Details
Main Author: Howard, Jane, 1935-
Format: Book
Language:English
Published: New York : Dutton, 1973.
Edition:[1st ed.]
Subjects:
LEADER 00958nam a2200289 a 4500
001 c000118502
003 CARM
005 20010124153107.0
008 730630s1973 nyu 000 0 eng
019 1 |a 521040  |z 40263608  |5 LACONCORD2021 
020 |a 0525093109 
035 |a (OCoLC)672450  |5 LACONCORD2021 
040 |a LC  |b eng  |c LC 
043 |a n-us--- 
050 0 0 |a HQ1426  |b .H69 1973 
082 0 4 |a 305.40973  |2 19 
082 0 4 |a 301.41/2/0973  |2 18 
100 1 |a Howard, Jane,  |d 1935- 
245 1 2 |a A different woman /  |c Jane Howard. 
250 |a [1st ed.] 
260 |a New York :  |b Dutton,  |c 1973. 
300 |a 413 p. ;  |c 24 cm. 
650 0 |a Women  |z United States. 
651 0 |a United States  |x Social conditions  |y 1945- 
852 8 |b CARM  |h A2:AI18A0  |i B04180  |p 0167405  |f BK 
999 f f |i 84268113-2157-5519-8064-953f0a138782  |s 4f8a9e47-d4e0-5828-9c00-61d44a74ef9b 
952 f f |p Can circulate  |a CAVAL  |b CAVAL  |c CAVAL  |d CARM 1 Store  |e B04180  |f A2:AI18A0  |h Other scheme  |i book  |m 0167405